00532 a2200169 450000100060000002000180000604000220002410000200004624000490006624500440011530000080015936200090016765000530017694200070022995201090023699900170034564020 a9788520012086 cAnchieta - Pituba aMosé, Viviane10aA escola e os desafios contemporâneoslpor10aA escola e os desafios contemporâneos a3360 a2013 4aPCN / Parâmetros Curriculares Nacionais Brasil cBK 00104070a91.1b91.1d2023-11-21l0o372.981 E74e ESCp17627/PITr2023-11-21 18:32:27w2023-11-21yBK c64020d64020